[Event "CZE-chT2A 2223"]
[Site "Czech Republic"]
[Date "2023.01.08"]
[Round "6.4"]
[White "Simunek, Ales"]
[Black "Hlavacek, Jiri"]
[Result "0-1"]
[WhiteElo "2153"]
[BlackElo "2042"]
[PlyCount "46"]
[EventDate "2022.10.16"]
[EventType "team-tourn"]
[EventRounds "11"]
[EventCountry "CZE"]
[SourceTitle "EXT 2024"]
[Source "ChessBase"]
[SourceDate "2023.10.10"]
[SourceVersion "1"]
[SourceVersionDate "2023.10.10"]
[SourceQuality "1"]
[WhiteTeam "Line II"]
[BlackTeam "Pribram"]
[WhiteTeamCountry "CZE"]
[BlackTeamCountry "CZE"]

1. c4 e5 2. Nc3 Nc6 3. g3 f5 4. Bg2 Nf6 5. e3 d6 6. Nge2 g6 7. Nd5 Bg7 8. b4 0-0 9. b5 Ne7 10. 0-0 Nfxd5 11. cxd5 e4 12. Rb1 Nxd5 13. d3 Nf6 14. dxe4 fxe4 15. Nc3 Re8 16. Rb4 d5 17. f3 exf3 18. Qxf3 c6 19. Rd4 Be6 20. Rf4 Nh5 21. e4 Nxf4 22. Bxf4 d4 23. Rd1 Qc8 0-1

[Event "CZE-chT2A 2223"]
[Site "Czech Republic"]
[Date "2022.11.06"]
[Round "2.5"]
[White "Simunek, Ales"]
[Black "Ruzicka, Ales"]
[Result "1/2-1/2"]
[WhiteElo "2153"]
[BlackElo "2079"]
[PlyCount "125"]
[EventDate "2022.10.16"]
[EventType "team-tourn"]
[EventRounds "11"]
[EventCountry "CZE"]
[SourceTitle "EXT 2024"]
[Source "ChessBase"]
[SourceDate "2023.10.10"]
[SourceVersion "1"]
[SourceVersionDate "2023.10.10"]
[SourceQuality "1"]
[WhiteTeam "Line II"]
[BlackTeam "Tabor"]
[WhiteTeamCountry "CZE"]
[BlackTeamCountry "CZE"]

1. e4 c5 2. Nf3 d6 3. d4 cxd4 4. Qxd4 Nc6 5. Bb5 Bd7 6. Bxc6 Bxc6 7. c4 Nf6 8. Nc3 g6 9. 0-0 Bg7 10. Rd1 0-0 11. Qe3 Qc7 12. Qe2 Rac8 13. Nd4 a6 14. a4 Bd7 15. b3 b6 16. h3 Rb8 17. Bb2 Qc5 18. Ba3 Qc8 19. Rd3 Re8 20. Re1 Nh5 21. Qd2 Be5 22. Nf3 Bxc3 23. Rxc3 Qb7 24. Qh6 f6 25. Bb2 e5 26. Qd2 Bc6 27. Rce3 b5 28. cxb5 axb5 29. axb5 Qxb5 30. Rd1 Red8 31. Kh2 d5 32. exd5 Rxd5 33. Qc2 Rbd8 34. Rxd5 Qxd5 35. Qc4 Qxc4 36. bxc4 Rb8 37. Bc3 Bxf3 38. Rxf3 Rc8 39. Bd2 Rxc4 40. Ra3 g5 41. Ra7 Ng7 42. g3 Ne6 43. Kg2 h5 44. Be3 Rc7 45. Ra4 Kf7 46. f4 gxf4 47. gxf4 exf4 48. Bxf4 Nxf4+ 49. Rxf4 Rc3 50. Rf5 Kg6 51. Rd5 Re3 52. Rd8 Kg5 53. Rd4 f5 54. h4+ Kf6 55. Rd5 Ke6 56. Rb5 Rd3 57. Ra5 Rd5 58. Ra3 Ke5 59. Kf3 Rb5 60. Ke3 f4+ 61. Kf3 Kf5 62. Rc3 Re5 63. Rb3 1/2-1/2

[Event "CZE-chT2A 1819"]
[Site "Czech Republic"]
[Date "2019.03.31"]
[Round "11.5"]
[White "Simunek, Ales"]
[Black "Vystrcil, Martin"]
[Result "0-1"]
[WhiteElo "2129"]
[BlackElo "2157"]
[PlyCount "82"]
[EventDate "2018.10.14"]
[EventType "team-tourn"]
[EventRounds "11"]
[EventCountry "CZE"]
[SourceTitle "EXT 2022"]
[Source "ChessBase"]
[SourceDate "2021.10.06"]
[SourceVersion "1"]
[SourceVersionDate "2021.10.06"]
[SourceQuality "1"]
[WhiteTeam "Line"]
[BlackTeam "Ricany"]
[WhiteTeamCountry "CZE"]
[BlackTeamCountry "CZE"]

1. e4 Nf6 2. e5 Nd5 3. d4 d6 4. c4 Nb6 5. f4 dxe5 6. fxe5 Nc6 7. Be3 Bf5 8. Nc3 e6 9. Nf3 Be7 10. d5 exd5 11. cxd5 Nb4 12. Nd4 Bc8 13. Bb5+ Bd7 14. e6 Bxb5 15. exf7+ Kxf7 16. Ndxb5 Rf8 17. Bxb6 axb6 18. 0-0+ Kg8 19. Qb3 Kh8 20. Rxf8+ Bxf8 21. Rd1 Na6 22. Qc4 Qd7 23. Qf4 Bc5+ 24. Kh1 Rf8 25. Qe4 Re8 26. Qf4 Rf8 27. Qe4 Re8 28. Qh4 Be7 29. Qc4 Bf6 30. h3 Be5 31. Nd4 Bd6 32. Nf3 Nc5 33. b4 Na4 34. Nxa4 Qxa4 35. Rb1 Qa3 36. b5 Qe3 37. Rf1 h6 38. Qc2 Qf4 39. Qg6 Re3 40. Qg4 Rxf3 41. Qxf4 Rxf4 0-1

[Event "CZE-chT2A 1819"]
[Site "Czech Republic"]
[Date "2018.12.16"]
[Round "5.5"]
[White "Simunek, Ales"]
[Black "Hlavacek, Jiri"]
[Result "1-0"]
[WhiteElo "2129"]
[BlackElo "2045"]
[PlyCount "77"]
[EventDate "2018.10.14"]
[EventType "team-tourn"]
[EventRounds "11"]
[EventCountry "CZE"]
[SourceTitle "EXT 2022"]
[Source "ChessBase"]
[SourceDate "2021.10.06"]
[SourceVersion "1"]
[SourceVersionDate "2021.10.06"]
[SourceQuality "1"]
[WhiteTeam "Line"]
[BlackTeam "Pribram Banik"]
[WhiteTeamCountry "CZE"]
[BlackTeamCountry "CZE"]

1. e4 d5 2. exd5 Nf6 3. Bb5+ Bd7 4. Bc4 Bg4 5. f3 Bc8 6. Nc3 Nbd7 7. Qe2 Nb6 8. b3 Nbxd5 9. Nxd5 Nxd5 10. Bb2 c6 11. a4 Be6 12. Qf2 Nf4 13. Bxe6 Nxe6 14. Ne2 Qb6 15. Nd4 c5 16. a5 Qa6 17. Ne2 Rd8 18. d3 Rg8 19. f4 g6 20. 0-0 Bg7 21. Be5 f6 22. Bc3 f5 23. Rfe1 Kf7 24. Kh1 Bxc3 25. Nxc3 Rd4 26. Re5 Rxf4 27. Qe3 g5 28. Nd5 Qc6 29. Re1 Rg6 30. Nxf4 gxf4 31. Rxf5+ Kg8 32. Qe4 Qd7 33. Re5 Kf7 34. Qf5+ Rf6 35. Qxh7+ Kf8 36. Rf5 Qd4 37. h3 f3 38. gxf3 Qf2 39. Rg1 1-0

[Event "CZE-chT2A 1819"]
[Site "Czech Republic"]
[Date "2018.10.14"]
[Round "1.6"]
[White "Simunek, Ales"]
[Black "Ruzicka, Ales"]
[Result "1-0"]
[WhiteElo "2129"]
[BlackElo "2085"]
[PlyCount "89"]
[EventDate "2018.10.14"]
[EventType "team-tourn"]
[EventRounds "11"]
[EventCountry "CZE"]
[SourceTitle "EXT 2022"]
[Source "ChessBase"]
[SourceDate "2021.10.06"]
[SourceVersion "1"]
[SourceVersionDate "2021.10.06"]
[SourceQuality "1"]
[WhiteTeam "Line"]
[BlackTeam "Tabor"]
[WhiteTeamCountry "CZE"]
[BlackTeamCountry "CZE"]

1. e4 c5 2. Nf3 d6 3. d4 cxd4 4. Qxd4 Nc6 5. Bb5 Bd7 6. Qd3 Nf6 7. c4 g6 8. Nc3 Bg7 9. 0-0 0-0 10. h3 a6 11. Bxc6 Bxc6 12. Nd4 Bd7 13. a4 Rc8 14. b3 Ne8 15. Be3 Nc7 16. Rad1 f5 17. f3 fxe4 18. fxe4 Ne6 19. Nd5 Nc5 20. Qc2 Rxf1+ 21. Rxf1 Ne6 22. Nf3 b5 23. axb5 axb5 24. Ng5 Bf6 25. Bb6 Qe8 26. Rxf6 Nxg5 27. Rf1 Be6 28. Qd3 bxc4 29. bxc4 Qd7 30. Ra1 Kf8 31. Ra7 Qc6 32. Qe3 Nf7 33. Nxe7 Qxc4 34. Nxc8 Qxc8 35. Bc7 Qe8 36. Qb6 d5 37. Bd6+ Kg8 38. e5 Kg7 39. Be7 Qc8 40. Bf6+ Kg8 41. Rc7 Qe8 42. Re7 Qc8 43. Rxe6 Qc1+ 44. Kh2 Qf4+ 45. Kh1 1-0

[Event "CZE-chT2A 1718"]
[Site "Czech Republic"]
[Date "2017.12.03"]
[Round "4.5"]
[White "Simunek, Ales"]
[Black "Spicka, Jan"]
[Result "1/2-1/2"]
[WhiteElo "2131"]
[BlackElo "1877"]
[PlyCount "104"]
[EventDate "2017.10.15"]
[EventType "team-tourn"]
[EventRounds "11"]
[EventCountry "CZE"]
[SourceTitle "EXT 2022"]
[Source "ChessBase"]
[SourceDate "2021.10.06"]
[SourceVersion "1"]
[SourceVersionDate "2021.10.06"]
[SourceQuality "1"]
[WhiteTeam "Klatovy"]
[BlackTeam "Sokolov"]
[WhiteTeamCountry "CZE"]
[BlackTeamCountry "CZE"]

1. e4 c5 2. Nf3 Nc6 3. Bb5 g6 4. Bxc6 bxc6 5. Nc3 Bg7 6. 0-0 e5 7. d3 d6 8. h3 Ne7 9. Nh2 0-0 10. f4 exf4 11. Bxf4 Rb8 12. Rb1 Be6 13. Qd2 f5 14. Nf3 Rb7 15. Bh6 Qa5 16. Bxg7 Kxg7 17. b3 h6 18. Rbe1 Bc8 19. Rf2 d5 20. Ne5 Qc7 21. exf5 Nxf5 22. g4 Re8 23. d4 Nxd4 24. Qf4 Qd6 25. Nd3 Qxf4 26. Rxf4 Rxe1+ 27. Nxe1 Re7 28. Nd3 Nxc2 29. Kf2 g5 30. Ra4 Re3 31. Rxa7+ Kf6 32. Nxd5+ cxd5 33. Nxc5 Re7 34. Ra8 Be6 35. Ra6 Kf7 36. a4 d4 37. Rb6 Bd5 38. a5 d3 39. Nxd3 Rb7 40. Rxh6 Rxb3 41. Ne5+ Ke7 42. a6 Ra3 43. a7 Nd4 44. h4 gxh4 45. Rxh4 Ke6 46. Ng6 Rf3+ 47. Ke1 Ra3 48. Rh7 Nb5 49. Nf4+ Ke5 50. Nxd5 Kxd5 51. Rh5+ Kc6 52. Kf2 Rxa7 1/2-1/2

[Event "CZE-chT2A 1516"]
[Site "Czech Republic"]
[Date "2016.03.13"]
[Round "9.4"]
[White "Bartos, Jan"]
[Black "Simunek, Ales"]
[Result "1-0"]
[WhiteElo "2188"]
[BlackElo "2153"]
[PlyCount "115"]
[EventDate "2015.10.18"]
[EventType "team-tourn"]
[EventRounds "11"]
[EventCountry "CZE"]
[SourceTitle "EXT 2022"]
[Source "ChessBase"]
[SourceDate "2021.10.06"]
[SourceVersion "1"]
[SourceVersionDate "2021.10.06"]
[SourceQuality "1"]
[WhiteTeam "Unichess III"]
[BlackTeam "Line"]
[WhiteTeamCountry "CZE"]
[BlackTeamCountry "CZE"]

1. d4 Nf6 2. c4 g6 3. Nc3 Bg7 4. e4 d6 5. f3 0-0 6. Be3 Nc6 7. Nge2 a6 8. Qd2 Rb8 9. Rc1 Bd7 10. b3 b5 11. cxb5 axb5 12. d5 Ne5 13. Nd4 e6 14. Bxb5 exd5 15. Bxd7 Qxd7 16. Nxd5 c5 17. Ne2 Nxd5 18. exd5 Rfe8 19. 0-0 Ra8 20. Rc2 Qb5 21. Rd1 Qa6 22. Nc3 Re7 23. Ne4 f6 24. Nxd6 Qxd6 25. Bxc5 Qd7 26. Bxe7 Qxe7 27. d6 Qa7+ 28. Qf2 Qxf2+ 29. Kxf2 Nd7 30. a4 Kf7 31. Re1 Bf8 32. Rc6 Rd8 33. f4 f5 34. a5 Nb8 35. Rc7+ Kf6 36. d7 Bd6 37. Rb7 Rxd7 38. Rxd7 Nxd7 39. Ke3 Bb4 40. Ra1 Ke6 41. a6 Bc5+ 42. Kd3 Ba7 43. Kc4 Kd6 44. Kb5 Nf6 45. Rd1+ Kc7 46. b4 Ne4 47. Rc1+ Kd7 48. Ka5 Be3 49. Rc4 Nd6 50. Rc3 Bf2 51. Rf3 Bg1 52. b5 Nc8 53. Rh3 Bb6+ 54. Kb4 h5 55. Rd3+ Kc7 56. Rc3+ Kd7 57. Rc6 Be3 58. Rxg6 1-0

[Event "CZE-chT2A 1516"]
[Site "Czech Republic"]
[Date "2016.01.24"]
[Round "6.3"]
[White "Bauma, Jiri"]
[Black "Simunek, Ales"]
[Result "1/2-1/2"]
[WhiteElo "2288"]
[BlackElo "2153"]
[PlyCount "120"]
[EventDate "2015.10.18"]
[EventType "team-tourn"]
[EventRounds "11"]
[EventCountry "CZE"]
[SourceTitle "EXT 2022"]
[Source "ChessBase"]
[SourceDate "2021.10.06"]
[SourceVersion "1"]
[SourceVersionDate "2021.10.06"]
[SourceQuality "1"]
[WhiteTeam "Praha Dukla"]
[BlackTeam "Line"]
[WhiteTeamCountry "CZE"]
[BlackTeamCountry "CZE"]

1. e4 c5 2. Nf3 d6 3. d4 cxd4 4. Nxd4 Nf6 5. Nc3 a6 6. g3 e5 7. Nde2 Be7 8. Bg2 0-0 9. 0-0 Nbd7 10. a4 b6 11. h3 Bb7 12. g4 Nc5 13. Ng3 g6 14. g5 Ne8 15. h4 Ng7 16. Nd5 Bxd5 17. exd5 a5 18. f4 f6 19. fxe5 fxe5 20. Rxf8+ Qxf8 21. Qg4 Qc8 22. Qc4 Qd7 23. Be3 Rf8 24. Ne4 Nh5 25. Nxc5 bxc5 26. Rf1 Rxf1+ 27. Bxf1 Qf5 28. Bxc5 Nf4 29. Bf2 Qg4+ 30. Kh2 h6 31. Qb3 hxg5 32. hxg5 Qxg5 33. Qg3 Qh5+ 34. Bh3 Kg7 35. Qg4 Qxg4 36. Bxg4 Nxd5 37. Be1 Bd8 38. c3 Kf6 39. b4 Ne3 40. Be2 d5 41. Bf2 Nf5 42. b5 d4 43. cxd4 exd4 44. Bd3 Ke5 45. Kg2 Bb6 46. Kf3 Bd8 47. Bg1 Nh4+ 48. Kg4 Kd5 49. b6 g5 50. b7 Bc7 51. Bf2 Ng2 52. Kxg5 Ne3 53. Be1 Kc6 54. Be4+ Kb6 55. Kf6 Nc4 56. Bf2 Kc5 57. Ke6 Nb6 58. Be1 Nxa4 59. Bxa5 Nb6 60. Be1 Kb5 1/2-1/2

[Event "CZE-chT2A 1516"]
[Site "Czech Republic"]
[Date "2015.11.22"]
[Round "3.3"]
[White "Simunek, Ales"]
[Black "Elias, Miroslav"]
[Result "0-1"]
[WhiteElo "2153"]
[BlackElo "2081"]
[PlyCount "46"]
[EventDate "2015.10.18"]
[EventType "team-tourn"]
[EventRounds "11"]
[EventCountry "CZE"]
[SourceTitle "EXT 2022"]
[Source "ChessBase"]
[SourceDate "2021.10.06"]
[SourceVersion "1"]
[SourceVersionDate "2021.10.06"]
[SourceQuality "1"]
[WhiteTeam "Line"]
[BlackTeam "Karlovy Vary"]
[WhiteTeamCountry "CZE"]
[BlackTeamCountry "CZE"]

1. Nf3 Nf6 2. c4 g6 3. Nc3 d5 4. b3 Bg7 5. Bb2 d4 6. Nb5 c5 7. d3 Nc6 8. e4 0-0 9. Be2 a6 10. Na3 Nh5 11. Bc1 e5 12. Nc2 Nf4 13. Bxf4 exf4 14. Qd2 Qc7 15. g3 f5 16. Qxf4 Qxf4 17. gxf4 fxe4 18. Ne5 Bxe5 19. fxe5 Nxe5 20. Rd1 exd3 21. Bxd3 Bg4 22. Be4 Bxd1 23. Kxd1 Ng4 0-1

[Event "CZE-chT2A 1415"]
[Site "Czech Republic"]
[Date "2015.01.25"]
[Round "6.3"]
[White "Simunek, Ales"]
[Black "Hlavacek, Tomas"]
[Result "1-0"]
[WhiteElo "2184"]
[BlackElo "2037"]
[PlyCount "79"]
[EventDate "2014.11.02"]
[EventType "team-tourn"]
[EventRounds "11"]
[EventCountry "CZE"]
[SourceTitle "EXT 2022"]
[Source "ChessBase"]
[SourceDate "2021.10.06"]
[SourceVersion "1"]
[SourceVersionDate "2021.10.06"]
[SourceQuality "1"]
[WhiteTeam "Line"]
[BlackTeam "Karlovy Vary II"]
[WhiteTeamCountry "CZE"]
[BlackTeamCountry "CZE"]

1. c4 c6 2. b3 d5 3. Bb2 Bf5 4. Nf3 e6 5. e3 Nf6 6. Be2 Bd6 7. 0-0 0-0 8. d3 Re8 9. Nh4 Bg6 10. Nxg6 hxg6 11. Nc3 Nbd7 12. a3 Rc8 13. b4 Bb8 14. Qb3 Nh5 15. g3 Qg5 16. f4 Qe7 17. Bf3 b6 18. a4 Nhf6 19. e4 dxc4 20. Qxc4 c5 21. b5 e5 22. Ne2 Rcd8 23. a5 Nh5 24. f5 Kh7 25. fxg6+ fxg6 26. Bxh5 gxh5 27. Rf7 Qd6 28. Raf1 Rf8 29. R1f5 Rxf7 30. Qxf7 Nf6 31. Nf4 Rd7 32. Qg6+ Kh8 33. Bxe5 Qf8 34. Bxf6 Bxf4 35. gxf4 Rd6 36. e5 Re6 37. Qxh5+ Kg8 38. Rg5 Rxf6 39. exf6 Qxf6 40. Qe8+ 1-0

[Event "CZE-chT2A 1213"]
[Site "Czech Republic"]
[Date "2013.03.24"]
[Round "11.3"]
[White "Toman, Jan"]
[Black "Simunek, Ales"]
[Result "1/2-1/2"]
[WhiteElo "2104"]
[BlackElo "2212"]
[PlyCount "31"]
[EventDate "2012.10.14"]
[EventType "team-tourn"]
[EventRounds "11"]
[EventCountry "CZE"]
[SourceTitle "EXT 2015"]
[Source "ChessBase"]
[SourceDate "2014.11.20"]
[SourceVersion "1"]
[SourceVersionDate "2014.11.20"]
[SourceQuality "1"]
[WhiteTeam "Tachov"]
[BlackTeam "Plzen Sokol"]
[WhiteTeamCountry "CZE"]
[BlackTeamCountry "CZE"]

1. d4 f5 2. c4 Nf6 3. Nc3 g6 4. g3 Bg7 5. Bg2 0-0 6. Nf3 d6 7. 0-0 c6 8. d5 e5 9. dxe6 Bxe6 10. Qb3 Qe7 11. Ng5 Bc8 12. Rd1 h6 13. Nf3 Be6 14. Bf4 Ne8 15. Qb4 Na6 16. Bxd6 1/2-1/2

[Event "CZE-chT2A 1112"]
[Site "Czech Republic"]
[Date "2012.01.08"]
[Round "5"]
[White "Simunek, Ales"]
[Black "Janocko, Petr"]
[Result "1-0"]
[WhiteElo "2225"]
[BlackElo "2093"]
[PlyCount "85"]
[EventDate "2011.10.09"]
[EventType "team-tourn"]
[EventRounds "11"]
[EventCountry "CZE"]
[SourceTitle "EXT 2013"]
[Source "ChessBase"]
[SourceDate "2012.11.22"]
[SourceVersion "1"]
[SourceVersionDate "2012.11.22"]
[SourceQuality "1"]
[WhiteTeam "Plzen Sokol"]
[BlackTeam "Plzen Letna"]
[WhiteTeamCountry "CZE"]
[BlackTeamCountry "CZE"]

1. e4 c6 2. d4 d5 3. e5 Bf5 4. g4 Bd7 5. Be2 e6 6. c3 c5 7. Nf3 Nc6 8. Na3 cxd4 9. cxd4 Bb4+ 10. Bd2 Bxd2+ 11. Qxd2 Qa5 12. Nb5 Qxd2+ 13. Kxd2 Ke7 14. g5 f6 15. gxf6+ gxf6 16. Rhg1 Rf8 17. Rg7+ Kd8 18. Nd6 fxe5 19. dxe5 Nh6 20. Nxb7+ Kc7 21. Nc5 Rf7 22. Rag1 Rhf8 23. Rxf7 Rxf7 24. Nd3 Nf5 25. Ng5 Rg7 26. f4 Ncd4 27. Nh3 Rf7 28. Bh5 Rf8 29. Ng5 h6 30. Nh7 Rb8 31. Rc1+ Kd8 32. b3 Ng7 33. Nf6 Nxh5 34. Nxh5 Nf3+ 35. Ke3 Nh4 36. Ng7 Bc8 37. Nc5 Ke7 38. Rg1 Rb5 39. Nd3 Kf8 40. Rg4 Rb7 41. Nxe6+ Bxe6 42. Rxh4 Kg7 43. Nc5 1-0

[Event "CZE-chT2A 1112"]
[Site "Czech Republic"]
[Date "2011.12.04"]
[Round "4"]
[White "Ptacnik, Stanislav"]
[Black "Simunek, Ales"]
[Result "1-0"]
[WhiteElo "2096"]
[BlackElo "2225"]
[PlyCount "71"]
[EventDate "2011.10.09"]
[EventType "team-tourn"]
[EventRounds "11"]
[EventCountry "CZE"]
[SourceTitle "EXT 2013"]
[Source "ChessBase"]
[SourceDate "2012.11.22"]
[SourceVersion "1"]
[SourceVersionDate "2012.11.22"]
[SourceQuality "1"]
[WhiteTeam "Domazlice"]
[BlackTeam "Plzen Sokol"]
[WhiteTeamCountry "CZE"]
[BlackTeamCountry "CZE"]

1. e4 c5 2. Nf3 e6 3. d3 Nc6 4. g3 g6 5. Bg2 Bg7 6. 0-0 Nge7 7. c3 d5 8. Qe2 0-0 9. Re1 b5 10. e5 b4 11. Bf4 bxc3 12. bxc3 Qa5 13. Qd2 Ba6 14. Bh6 Rfb8 15. Bxg7 Kxg7 16. Qf4 Ng8 17. c4 Nd4 18. Nbd2 Nc2 19. Ng5 Rf8 20. cxd5 h6 21. Nge4 Nxa1 22. Rxa1 exd5 23. Nb3 Qb6 24. Nexc5 Rad8 25. Bh3 Bc8 26. Bxc8 Rxc8 27. Nd7 Qb5 28. Nxf8 Kxf8 29. Re1 Qxd3 30. e6 f5 31. e7+ Kf7 32. Qe5 Re8 33. Nc5 Qd2 34. Ne6 Nf6 35. Nc7 Qxf2+ 36. Kxf2 1-0

[Event "CZE-chT2A 1011"]
[Site "Czech Republic"]
[Date "2011.01.09"]
[Round "5"]
[White "Janocko, Petr"]
[Black "Simunek, Ales"]
[Result "0-1"]
[WhiteElo "2087"]
[BlackElo "2202"]
[PlyCount "106"]
[EventDate "2010.10.17"]
[EventType "team-tourn"]
[EventRounds "11"]
[EventCountry "CZE"]
[SourceTitle "EXT 2012"]
[Source "ChessBase"]
[SourceDate "2011.11.24"]
[SourceVersion "1"]
[SourceVersionDate "2011.11.24"]
[SourceQuality "1"]
[WhiteTeam "Plzen Letna"]
[BlackTeam "Plzen Sokol"]
[WhiteTeamCountry "CZE"]
[BlackTeamCountry "CZE"]

1. d4 Nf6 2. c4 c5 3. d5 e6 4. Nc3 exd5 5. cxd5 g6 6. g3 Bg7 7. Bg2 0-0 8. Nf3 d6 9. 0-0 a6 10. a4 Re8 11. Nd2 Nbd7 12. Nc4 Ne5 13. Nxe5 Rxe5 14. Bf4 Re8 15. Qd2 Ng4 16. Ne4 Ne5 17. Rac1 b5 18. b4 c4 19. a5 Bf5 20. Bg5 f6 21. Be3 Bxe4 22. Bxe4 f5 23. Bg2 Nd7 24. Rfe1 Qf6 25. Bf4 c3 26. Qc2 g5 27. Be3 Rac8 28. Bh3 g4 29. Bg2 Rc4 30. Rb1 Rxe3 31. fxe3 Bh6 32. e4 Be3+ 33. Kh1 f4 34. Rf1 Ne5 35. gxf4 Ng6 36. e5 dxe5 37. fxe5 Qxe5 38. d6 Qxd6 39. Rbd1 Bd2 40. Qf5 Rf4 41. Rxf4 Qxf4 42. Qc8+ Kg7 43. Qb7+ Kh6 44. Be4 g3 45. Bd3 Qxb4 46. hxg3 Qb3 47. Rb1 Qe6 48. Qg2 Qg4 49. Be4 Qh5+ 50. Kg1 Be3+ 51. Kf1 Ne5 52. Rb4 Ng4 53. Bf3 c2 0-1

[Event "CZE-chT2A 1011"]
[Site "Czech Republic"]
[Date "2010.11.21"]
[Round "3"]
[White "Filipi, Stepan"]
[Black "Simunek, Ales"]
[Result "1/2-1/2"]
[WhiteElo "2100"]
[BlackElo "2202"]
[PlyCount "75"]
[EventDate "2010.10.17"]
[EventType "team-tourn"]
[EventRounds "11"]
[EventCountry "CZE"]
[SourceTitle "EXT 2012"]
[Source "ChessBase"]
[SourceDate "2011.11.24"]
[SourceVersion "1"]
[SourceVersionDate "2011.11.24"]
[SourceQuality "1"]
[WhiteTeam "Vysehrad II"]
[BlackTeam "Plzen Sokol"]
[WhiteTeamCountry "CZE"]
[BlackTeamCountry "CZE"]

1. e4 c5 2. Nf3 e6 3. d4 cxd4 4. Nxd4 Nf6 5. Nc3 d6 6. Be3 a6 7. a4 b6 8. f3 Qc7 9. g4 Be7 10. h4 Bb7 11. g5 Nfd7 12. Qd2 Nc6 13. 0-0-0 Na5 14. h5 Ne5 15. Qf2 Nec4 16. Bxc4 Nxc4 17. g6 Nxe3 18. gxf7+ Kxf7 19. Qxe3 Rhd8 20. Rhg1 Bf6 21. f4 Qc5 22. h6 g6 23. f5 gxf5 24. exf5 e5 25. Qe2 Rg8 26. Ne6 Qxg1 27. Rxg1 Rxg1+ 28. Nd1 Rc8 29. Qe3 Rg2 30. c3 Rc6 31. a5 d5 32. Kb1 Rd6 33. axb6 d4 34. cxd4 exd4 35. Qf4 Be7 36. Nc5 Bd5 37. b7 Rg8 38. Nf2 1/2-1/2

[Event "CZE-chT2A 0809"]
[Site "Czech Republic"]
[Date "2008.11.09"]
[Round "2.6"]
[White "Simunek, Ales"]
[Black "Melich, Jindrich"]
[Result "1-0"]
[WhiteElo "2176"]
[BlackElo "2081"]
[PlyCount "65"]
[EventDate "2008.10.12"]
[EventType "team-tourn"]
[EventRounds "11"]
[EventCountry "CZE"]
[SourceTitle "EXT 2010"]
[Source "ChessBase"]
[SourceDate "2010.11.25"]
[SourceVersion "1"]
[SourceVersionDate "2010.11.25"]
[SourceQuality "1"]
[WhiteTeam "Plzen Sokol II"]
[BlackTeam "Praha Pankrac II"]
[WhiteTeamCountry "CZE"]
[BlackTeamCountry "CZE"]

1. e4 d6 2. d4 Nf6 3. f3 g6 4. Bg5 c6 5. Qd2 Nbd7 6. Nh3 h6 7. Be3 Bg7 8. Nf2 e5 9. c3 Qc7 10. Be2 Nf8 11. Na3 Ne6 12. d5 cxd5 13. exd5 Nf8 14. Nb5 Qd8 15. c4 a6 16. Nc3 N8d7 17. 0-0 h5 18. a4 0-0 19. a5 Nh7 20. Na4 f5 21. Nd3 Nhf6 22. Rac1 Kh7 23. f4 Qc7 24. Qb4 Re8 25. Rfe1 e4 26. Nf2 Ng4 27. Bxg4 hxg4 28. Qd2 Qd8 29. b4 Nf6 30. Nb6 Rb8 31. c5 Bd7 32. c6 Nxd5 33. cxd7 1-0

[Event "CZE-chT2A 0809"]
[Site "Czech Republic"]
[Date "2008.10.12"]
[Round "1.8"]
[White "Cvikl, Michal"]
[Black "Simunek, Ales"]
[Result "0-1"]
[WhiteElo "2058"]
[BlackElo "2176"]
[PlyCount "85"]
[EventDate "2008.10.12"]
[EventType "team-tourn"]
[EventRounds "11"]
[EventCountry "CZE"]
[SourceTitle "EXT 2010"]
[Source "ChessBase"]
[SourceDate "2010.11.25"]
[SourceVersion "1"]
[SourceVersionDate "2010.11.25"]
[SourceQuality "1"]
[WhiteTeam "Kozolupy"]
[BlackTeam "Plzen Sokol II"]
[WhiteTeamCountry "CZE"]
[BlackTeamCountry "CZE"]

1. e4 c5 2. Nf3 e6 3. d4 cxd4 4. Nxd4 a6 5. Bd3 Nc6 6. Nxc6 dxc6 7. 0-0 e5 8. a4 Nf6 9. Nd2 Bc5 10. Nc4 Qe7 11. Bg5 h6 12. Be3 0-0 13. Qf3 Bxe3 14. Nxe3 Rd8 15. a5 Be6 16. Rfe1 Nd7 17. Qg3 f6 18. Bc4 Bxc4 19. Nxc4 Nc5 20. b3 Rd4 21. f3 Rad8 22. Ne3 Rd2 23. Rac1 Ne6 24. Nc4 Qc5+ 25. Kf1 Nf4 26. Nxd2 Rxd2 27. Rcd1 Rxc2 28. Rd8+ Kh7 29. Rd7 Qb5+ 30. Kg1 Rxg2+ 31. Qxg2 Nxg2 32. Kxg2 Qxb3 33. Red1 Qa2+ 34. Kg3 h5 35. h4 Qxa5 36. Rxb7 Qc5 37. Rdd7 Qg1+ 38. Kh3 c5 39. Rd5 c4 40. Rc7 Qf2 41. Rdc5 Qxf3+ 42. Kh2 Qf4+ 43. Kh3 0-1